00452nam a2200133Ia 4500008004100000082001600041100002700057245013200084260003900216300001600255520001100271650001800282700001800300230907s9999||||xx |||||||||||||| ||und|| a621.31bSAi aSaim Ali (00000277606) 0aEconomic Evaluation of Conventional and Renewable Energy Systems of Pakistan: An Environmental Life Cycle Cost Analysis Study / aUSPCAS-E, NUST,bIslamabad :c2021 axiii, 69 p. aTH-310 aMS-ESE Thesis aDr Warda Ajaz